Nurse Anesthesia Pocket Guide, (Record no. 34732)
[ view plain ]
| 000 -LEADER | |
|---|---|
| fixed length control field | 00496nam a2200181 4500 |
| 005 - DATE AND TIME OF LATEST TRANSACTION | |
| control field | 20231205094700.0 |
| 008 - FIXED-LENGTH DATA ELEMENTS--GENERAL INFORMATION | |
| fixed length control field | 231205b |||||||| |||| 00| 0 eng d |
| 020 ## - INTERNATIONAL STANDARD BOOK NUMBER | |
| ISBN | 978-07637-7302-1 |
| 082 ## - DEWEY DECIMAL CLASSIFICATION NUMBER | |
| Classification number | 617.96 |
| Item number | MAC |
| 100 ## - MAIN ENTRY--AUTHOR | |
| Author Name | Macksey; Lynn Fitzgerald |
| 245 ## - TITLE STATEMENT | |
| Title | Nurse Anesthesia Pocket Guide, |
| Statement of responsibility, etc. | Macksey; Lynn Fitzgerald |
| 250 ## - EDITION STATEMENT | |
| Edition statement | 2nd ed. |
| 260 ## - PUBLICATION, DISTRIBUTION, ETC. | |
| Place of Publication | China |
| Name of publisher, distributor, etc. | Jones and Bartlett Publishers |
| Date of publication, distribution, etc. | 2010 |
| 300 ## - PHYSICAL DESCRIPTION | |
| Pages | 217 |
| 500 ## - GENERAL NOTE | |
| General note | Pocket Guide |
| 650 ## - SUBJECT ADDED ENTRY--TOPICAL TERM | |
| Subject / Department | Medical/ Nursing |
| 952 ## - LOCATION AND ITEM INFORMATION (KOHA) | |
| -- | 0 |
| -- | 0 |
| Lost status | Damaged status | Collection code | Permanent Location | Current Location | Shelving Location | Date acquired | Full Call Number | Accession No./Barcode | Date last seen | item type | Koha item type |
|---|---|---|---|---|---|---|---|---|---|---|---|
| Medical | Superior Information Resource Center (SIRC) Superior University- Central Library | Superior Information Resource Center (SIRC) Superior University- Central Library | Medical/Reference | 11/27/2023 | 617.96 MAC-N 2010 | 20571 | 01/15/2026 | BOOK | BOOK |
